| 000 | 00787pam a2200253 a 4500 | ||
|---|---|---|---|
| 008 | |||
| 020 | _a1844800407 (pbk.) | ||
| 049 | _aMAIN | ||
| 090 |
_aHD31 _bWIL |
||
| 100 | 1 | _aWild, Ray. | |
| 245 | 1 | 0 |
_aOperations management : _btext and CD-ROM / _cRay Wild. |
| 250 | _a6th ed. | ||
| 260 |
_aLondon : _bContinuum, _cc2002. |
||
| 300 |
_aviii, 870 p. : _bill., maps ; _c25 cm. + _e1 computer disc. |
||
| 504 | _aIncludes bibliographical references. | ||
| 650 | 0 | _aProduction management. | |
| 650 | 0 |
_aProduction management _vCase studies. |
|
| 650 | 0 |
_aProduction management _vProblems, exercises, etc. |
|
| 907 |
_a.b10322450 _b05-11-12 _c05-11-12 |
||
| 003 | |||
| 005 | 20230123125504.0 | ||
| 040 | _cNUST | ||
| 942 |
_cBOOKS _kHD31 _mWIL |
||
| 999 |
_c142392 _d142392 |
||